[Event "WCO201402"]
[Site "Tromso"]
[Date "2014.08.12"]
[Round "10.5"]
[WhiteID "14300818"]
[White "Frick Denise"]
[BlackID "13903284"]
[Black "Baciu Diana"]
[Result "0-1"]
[LiveChessVersion "1.4.3"]
[BlackElo "2294"]
[WhiteElo "1892"]

1. e4 {[%clk 1:30:56]} e6 {[%clk 1:30:57]} 2. d4 {[%clk 1:31:22]} d5
{[%clk 1:31:23]} 3. Nd2 {[%clk 1:31:47]} h6 {[%clk 1:31:46]} 4. c3
{[%clk 1:31:43]} c5 {[%clk 1:31:57]} 5. Ngf3 {[%clk 1:31:37]} Nf6
{[%clk 1:30:34]} 6. Bd3 {[%clk 1:29:10]} Nc6 {[%clk 1:28:26]} 7. e5
{[%clk 1:26:07]} Nd7 {[%clk 1:28:48]} 8. Qe2 {[%clk 1:26:13]} Qb6
{[%clk 1:21:30]} 9. Qe3 {[%clk 1:23:37]} Be7 {[%clk 1:18:46]} 10. a3
{[%clk 1:18:16]} a5 {[%clk 1:16:25]} 11. b3 {[%clk 1:16:27]} g5 {[%clk 1:10:13]}
12. h3 {[%clk 1:12:36]} Rg8 {[%clk 1:09:08]} 13. g4 {[%clk 1:10:02]} Nf8
{[%clk 1:08:33]} 14. Bc2 {[%clk 1:02:13]} Ng6 {[%clk 1:01:28]} 15. Rh2
{[%clk 0:57:43]} Bd7 {[%clk 0:56:13]} 16. Nf1 {[%clk 0:45:46]} Rc8
{[%clk 0:45:13]} 17. Ra2 {[%clk 0:41:07]} cxd4 {[%clk 0:40:09]} 18. cxd4
{[%clk 0:40:55]} f6 {[%clk 0:33:36]} 19. Bxg6+ {[%clk 0:35:26]} Rxg6
{[%clk 0:33:53]} 20. Rc2 {[%clk 0:31:39]} fxe5 {[%clk 0:26:19]} 21. dxe5
{[%clk 0:30:50]} Qxe3+ {[%clk 0:25:56]} 22. Nxe3 {[%clk 0:30:59]} Rg8
{[%clk 0:25:38]} 23. Bb2 {[%clk 0:30:11]} Rf8 {[%clk 0:21:58]} 24. Ke2
{[%clk 0:27:10]} Rf4 {[%clk 0:22:14]} 25. Rd2 {[%clk 0:23:47]} a4
{[%clk 0:21:08]} 26. bxa4 {[%clk 0:20:18]} Rxa4 {[%clk 0:21:12]} 27. Nc2
{[%clk 0:19:01]} Na5 {[%clk 0:19:54]} 28. Nb4 {[%clk 0:15:24]} Nc4
{[%clk 0:16:13]} 29. Rc2 {[%clk 0:15:48]} Bxb4 {[%clk 0:15:52]} 30. Rxc4
{[%clk 0:14:23]} Rxc4 {[%clk 0:15:39]} 31. axb4 {[%clk 0:14:42]} Rc2+
{[%clk 0:16:02]} 32. Ke3 {[%clk 0:13:21]} Rxb2 {[%clk 0:16:24]} 0-1

[Event "WCO201402"]
[Site "Tromso"]
[Date "2014.08.12"]
[Round "10.6"]
[WhiteID "13900196"]
[White "Petrenko Svetlana"]
[BlackID "14300800"]
[Black "Solomons Anzel"]
[Result "1-0"]
[LiveChessVersion "1.4.3"]
[BlackElo "1840"]
[WhiteElo "2205"]

1. d4 {[%clk 1:30:58]} d5 {[%clk 1:30:55]} 2. g3 {[%clk 1:30:57]} Nf6
{[%clk 1:31:07]} 3. Bg2 {[%clk 1:31:17]} e6 {[%clk 1:30:49]} 4. Nf3
{[%clk 1:31:25]} c5 {[%clk 1:29:41]} 5. O-O {[%clk 1:31:22]} cxd4
{[%clk 1:27:13]} 6. Nxd4 {[%clk 1:30:07]} Be7 {[%clk 1:26:10]} 7. b3
{[%clk 1:29:03]} O-O {[%clk 1:24:52]} 8. Bb2 {[%clk 1:29:23]} a6 {[%clk 1:23:08]}
9. e3 {[%clk 1:28:01]} Qc7 {[%clk 1:21:11]} 10. Nd2 {[%clk 1:26:07]} e5
{[%clk 1:17:31]} 11. N4f3 {[%clk 1:24:53]} Nc6 {[%clk 1:17:33]} 12. h3
{[%clk 1:19:00]} Rd8 {[%clk 1:15:26]} 13. a3 {[%clk 1:16:55]} h6 {[%clk 1:13:26]}
14. Qe2 {[%clk 1:12:44]} Bf5 {[%clk 0:57:03]} 15. Rfc1 {[%clk 1:08:58]} Rac8
{[%clk 0:52:07]} 16. c4 {[%clk 1:08:02]} d4 {[%clk 0:50:43]} 17. e4
{[%clk 1:06:29]} Be6 {[%clk 0:49:51]} 18. b4 {[%clk 1:05:37]} Qb8
{[%clk 0:47:05]} 19. Qd3 {[%clk 1:00:50]} b6 {[%clk 0:41:00]} 20. Rab1
{[%clk 0:52:01]} Nd7 {[%clk 0:37:51]} 21. Bf1 {[%clk 0:45:24]} Rf8
{[%clk 0:32:36]} 22. c5 {[%clk 0:38:57]} b5 {[%clk 0:31:27]} 23. Ne1
{[%clk 0:33:28]} f5 {[%clk 0:25:34]} 24. Bg2 {[%clk 0:29:09]} Bg5
{[%clk 0:20:14]} 25. Nef3 {[%clk 0:21:48]} fxe4 {[%clk 0:18:15]} 26. Qxe4
{[%clk 0:21:55]} Nf6 {[%clk 0:16:53]} 27. Qe1 {[%clk 0:21:12]} Bxd2
{[%clk 0:16:33]} 28. Nxd2 {[%clk 0:21:09]} Bf5 {[%clk 0:13:13]} 29. Ra1
{[%clk 0:21:29]} Qc7 {[%clk 0:10:42]} 30. g4 {[%clk 0:21:36]} Bg6
{[%clk 0:09:00]} 31. Bxc6 {[%clk 0:19:37]} Qxc6 {[%clk 0:09:27]} 32. Qxe5
{[%clk 0:19:56]} d3 {[%clk 0:07:03]} 33. Re1 {[%clk 0:15:40]} Rfe8
{[%clk 0:05:11]} 34. Qf4 {[%clk 0:12:48]} Re2 {[%clk 0:03:56]} 35. Rxe2
{[%clk 0:10:33]} dxe2 {[%clk 0:04:24]} 36. Re1 {[%clk 0:10:34]} Re8
{[%clk 0:04:00]} 37. Qd4 {[%clk 0:06:41]} Qe6 {[%clk 0:02:20]} 38. f4
{[%clk 0:06:04]} Qe3+ {[%clk 0:01:13]} 39. Qxe3 {[%clk 0:04:38]} Rxe3
{[%clk 0:01:41]} 40. Bxf6 {[%clk 0:02:52]} gxf6 {[%clk 0:02:04]} 41. Kf2
{[%clk 0:02:47]} Rxh3 {[%clk 0:29:19]} 42. Rxe2 {[%clk 0:31:33]} Rxa3
{[%clk 0:26:27]} 43. f5 {[%clk 0:28:16]} Bf7 {[%clk 0:24:11]} 44. Ne4
{[%clk 0:28:43]} Bc4 {[%clk 0:21:17]} 45. Rd2 {[%clk 0:28:38]} a5
{[%clk 0:14:56]} 46. c6 {[%clk 0:28:28]} 1-0

[Event "WCO201402"]
[Site "Tromso"]
[Date "2014.08.12"]
[Round "10.7"]
[WhiteID "14304503"]
[White "Tlale Tshepang"]
[BlackID "13901001"]
[Black "Partac Elena"]
[Result "1-0"]
[LiveChessVersion "1.4.3"]
[BlackElo "2127"]
[WhiteElo "1798"]

1. e4 {[%clk 1:30:56]} c5 {[%clk 1:30:56]} 2. Nf3 {[%clk 1:31:18]} e6
{[%clk 1:31:23]} 3. d4 {[%clk 1:31:38]} cxd4 {[%clk 1:31:49]} 4. Nxd4
{[%clk 1:32:01]} Nf6 {[%clk 1:32:15]} 5. Bd3 {[%clk 1:32:21]} Nc6
{[%clk 1:32:07]} 6. Nxc6 {[%clk 1:32:40]} bxc6 {[%clk 1:20:46]} 7. O-O
{[%clk 1:31:16]} e5 {[%clk 1:19:32]} 8. Qe2 {[%clk 1:30:25]} Bc5 {[%clk 1:18:53]}
9. Nc3 {[%clk 1:27:04]} O-O {[%clk 1:14:47]} 10. h3 {[%clk 1:27:00]} h6
{[%clk 1:11:48]} 11. b3 {[%clk 1:25:13]} Bd4 {[%clk 1:10:30]} 12. Bb2
{[%clk 1:25:19]} d5 {[%clk 1:10:04]} 13. Na4 {[%clk 1:21:18]} Bxb2
{[%clk 1:05:02]} 14. Nxb2 {[%clk 1:21:46]} Re8 {[%clk 1:03:59]} 15. Rfe1
{[%clk 1:18:45]} Bd7 {[%clk 0:46:54]} 16. a3 {[%clk 1:11:24]} a5 {[%clk 0:39:53]}
17. Na4 {[%clk 1:10:52]} Rb8 {[%clk 0:37:20]} 18. Nc5 {[%clk 1:06:26]} Bc8
{[%clk 0:31:18]} 19. Reb1 {[%clk 1:01:08]} Qd6 {[%clk 0:24:21]} 20. b4
{[%clk 1:00:32]} axb4 {[%clk 0:24:01]} 21. axb4 {[%clk 1:00:47]} Nd7
{[%clk 0:17:58]} 22. Nxd7 {[%clk 0:54:35]} Bxd7 {[%clk 0:18:21]} 23. exd5
{[%clk 0:53:10]} e4 {[%clk 0:14:44]} 24. Bc4 {[%clk 0:49:09]} cxd5
{[%clk 0:14:40]} 25. Qd2 {[%clk 0:46:48]} Qg6 {[%clk 0:12:34]} 26. Ra6
{[%clk 0:43:53]} Re6 {[%clk 0:10:26]} 27. Rxe6 {[%clk 0:41:06]} Bxe6
{[%clk 0:10:46]} 28. Bf1 {[%clk 0:29:00]} Qf6 {[%clk 0:02:37]} 29. b5
{[%clk 0:27:04]} Rb6 {[%clk 0:00:46]} 30. Qe3 {[%clk 0:22:32]} Bd7
{[%clk 0:00:32]} 31. c4 {[%clk 0:19:13]} dxc4 {[%clk 0:00:39]} 32. Bxc4
{[%clk 0:19:42]} Bf5 {[%clk 0:00:33]} 33. Bd5 {[%clk 0:18:54]} Qg6
{[%clk 0:00:38]} 34. Rb3 {[%clk 0:14:08]} Qf6 {[%clk 0:00:35]} 35. Rb1
{[%clk 0:13:19]} Qg6 {[%clk 0:00:54]} 36. Rb4 {[%clk 0:07:10]} Qd6
{[%clk 0:01:19]} 37. Rd4 {[%clk 0:07:10]} Qc5 {[%clk 0:01:07]} 38. Bxf7+
{[%clk 0:07:02]} Kxf7 {[%clk 0:00:37]} 39. Rd7+ {[%clk 0:07:11]} Bxd7
{[%clk 0:01:05]} 40. Qxc5 {[%clk 0:07:35]} Rxb5 {[%clk 0:01:33]} 41. Qc4+
{[%clk 0:07:51]} Kf8 {[%clk 0:01:00]} 42. Qxe4 {[%clk 0:08:09]} Rf5
{[%clk 0:29:40]} 43. Qd4 {[%clk 0:34:30]} Be6 {[%clk 0:29:23]} 44. g4
{[%clk 0:33:11]} Rd5 {[%clk 0:28:43]} 45. Qf4+ {[%clk 0:30:11]} Ke7
{[%clk 0:26:16]} 46. Qc7+ {[%clk 0:29:18]} Rd7 {[%clk 0:25:30]} 47. Qc5+
{[%clk 0:29:39]} Kf7 {[%clk 0:25:55]} 48. Qc2 {[%clk 0:27:53]} Ra7
{[%clk 0:25:30]} 49. Qe4 {[%clk 0:24:17]} Ra1+ {[%clk 0:24:02]} 50. Kh2
{[%clk 0:24:31]} Ra2 {[%clk 0:24:15]} 51. Kg3 {[%clk 0:23:41]} Ra3+
{[%clk 0:23:46]} 52. Kg2 {[%clk 0:23:38]} Ra2 {[%clk 0:23:58]} 53. h4
{[%clk 0:18:05]} Rb2 {[%clk 0:10:52]} 54. Qf4+ {[%clk 0:17:52]} Kg8
{[%clk 0:11:18]} 55. Qe5 {[%clk 0:16:00]} Rb6 {[%clk 0:11:45]} 56. g5
{[%clk 0:15:13]} Bf7 {[%clk 0:10:42]} 57. Qd4 {[%clk 0:13:36]} Re6
{[%clk 0:10:00]} 58. Qd8+ {[%clk 0:13:14]} Re8 {[%clk 0:10:23]} 59. Qd3
{[%clk 0:13:20]} hxg5 {[%clk 0:08:06]} 60. hxg5 {[%clk 0:13:41]} Rf8
{[%clk 0:04:37]} 61. g6 {[%clk 0:12:36]} Be6 {[%clk 0:04:58]} 62. Qe4
{[%clk 0:09:46]} Rf6 {[%clk 0:03:05]} 63. Qa8+ {[%clk 0:09:56]} Rf8
{[%clk 0:03:26]} 64. Qc6 {[%clk 0:09:48]} Ba2 {[%clk 0:02:15]} 65. Qb5
{[%clk 0:07:32]} Be6 {[%clk 0:00:44]} 66. Qh5 {[%clk 0:07:27]} Rf6
{[%clk 0:01:13]} 67. Kg3 {[%clk 0:06:53]} Kf8 {[%clk 0:00:36]} 68. f4
{[%clk 0:06:01]} Kg8 {[%clk 0:00:43]} 69. Kf3 {[%clk 0:05:42]} Kf8
{[%clk 0:00:35]} 70. Qc5+ {[%clk 0:05:16]} Kg8 {[%clk 0:00:55]} 71. Qh5
{[%clk 0:02:56]} Kf8 {[%clk 0:01:22]} 72. Ke4 {[%clk 0:02:33]} Kg8
{[%clk 0:01:29]} 73. Qh7+ {[%clk 0:02:14]} Kf8 {[%clk 0:01:58]} 74. Qh8+
{[%clk 0:02:36]} Bg8 {[%clk 0:02:26]} 75. f5 {[%clk 0:02:54]} Ra6
{[%clk 0:02:18]} 76. Kf4 {[%clk 0:03:13]} Ra1 {[%clk 0:01:34]} 77. Qh3
{[%clk 0:02:26]} Ra4+ {[%clk 0:01:01]} 78. Kg5 {[%clk 0:02:54]} Ra8
{[%clk 0:00:34]} 79. Qd3 {[%clk 0:03:04]} Rc8 {[%clk 0:00:34]} 80. Qd7
{[%clk 0:03:15]} Rc1 {[%clk 0:00:34]} 1-0

[Event "WCO201402"]
[Site "Tromso"]
[Date "2014.08.12"]
[Round "10.8"]
[WhiteID "13904620"]
[White "Gitu Paula-Alexandra"]
[BlackID "14305020"]
[Black "Van Niekerk Robyn Julian"]
[Result "1-0"]
[LiveChessVersion "1.4.3"]
[BlackElo "1627"]
[WhiteElo "1815"]

1. e4 {[%clk 1:30:58]} c5 {[%clk 1:30:54]} 2. Nf3 {[%clk 1:31:24]} e6
{[%clk 1:31:14]} 3. c3 {[%clk 1:31:45]} d5 {[%clk 1:31:25]} 4. exd5
{[%clk 1:32:10]} Qxd5 {[%clk 1:31:39]} 5. Na3 {[%clk 1:32:31]} a6
{[%clk 1:31:28]} 6. d4 {[%clk 1:29:28]} Nf6 {[%clk 1:28:54]} 7. Bc4
{[%clk 1:28:46]} Qd8 {[%clk 1:26:23]} 8. Nc2 {[%clk 1:26:35]} Nc6 9. O-O cxd4
{[%clk 1:25:13]} 10. Ncxd4 {[%clk 1:26:51]} Nxd4 {[%clk 1:24:52]} 11. Nxd4
{[%clk 1:23:04]} Bc5 {[%clk 1:23:34]} 12. Be3 {[%clk 1:20:13]} Qc7
{[%clk 1:16:20]} 13. Qe2 {[%clk 1:13:28]} O-O {[%clk 1:13:35]} 14. Rfd1
{[%clk 1:09:36]} e5 {[%clk 1:03:59]} 15. Nc2 {[%clk 1:06:37]} b5 {[%clk 1:03:24]}
16. Bb3 {[%clk 1:03:09]} Re8 {[%clk 0:55:44]} 17. Bxc5 {[%clk 0:55:59]} Qxc5
{[%clk 0:56:05]} 18. Ne3 {[%clk 0:54:32]} Bb7 {[%clk 0:54:06]} 19. Rd2
{[%clk 0:50:13]} Rad8 {[%clk 0:43:47]} 20. Rad1 {[%clk 0:48:55]} Qc7
{[%clk 0:41:55]} 21. Bd5 {[%clk 0:20:41]} Bc8 {[%clk 0:22:38]} 22. c4
{[%clk 0:14:08]} b4 {[%clk 0:14:31]} 23. c5 {[%clk 0:05:37]} Rd7 {[%clk 0:13:10]}
24. c6 {[%clk 0:02:20]} Rde7 {[%clk 0:12:10]} 25. Qc4 {[%clk 0:02:29]} Be6
{[%clk 0:09:27]} 26. Qxa6 {[%clk 0:01:22]} Nxd5 {[%clk 0:08:42]} 27. Nxd5
{[%clk 0:01:49]} Bxd5 {[%clk 0:08:18]} 28. Rxd5 {[%clk 0:02:18]} Re6
{[%clk 0:06:37]} 29. Rc1 {[%clk 0:02:07]} e4 {[%clk 0:05:47]} 30. Qc4
{[%clk 0:00:33]} Rc8 {[%clk 0:03:12]} 31. Rd7 {[%clk 0:00:39]} Qe5
{[%clk 0:02:03]} 32. c7 {[%clk 0:00:38]} e3 {[%clk 0:00:57]} 33. Rd8+
{[%clk 0:00:54]} Re8 {[%clk 0:01:17]} 34. Rxe8+ {[%clk 0:01:22]} Qxe8
{[%clk 0:01:26]} 35. fxe3 {[%clk 0:01:20]} Qxe3+ {[%clk 0:01:23]} 36. Kf1
{[%clk 0:01:37]} Qe7 {[%clk 0:01:30]} 37. Qc5 {[%clk 0:00:45]} Qf6+
{[%clk 0:01:02]} 38. Qf2 {[%clk 0:00:36]} Qa6+ {[%clk 0:01:19]} 39. Kg1
{[%clk 0:00:36]} Qxa2 {[%clk 0:01:04]} 40. Rd1 {[%clk 0:00:37]} Qa8
{[%clk 0:00:39]} 41. Qb6 {[%clk 0:27:51]} Re8 {[%clk 0:29:34]} 42. h3
{[%clk 0:25:05]} Qe4 {[%clk 0:22:47]} 43. Qd4 {[%clk 0:24:04]} Qe7
{[%clk 0:21:02]} 44. Qd8 1-0

[Event "WCO2014"]
[Site "Tromso"]
[Date "2014.08.12"]
[Round "10.28"]
[WhiteID "10605908"]
[White "Mona Khaled"]
[BlackID "8102880"]
[Black "Dahdal Lougain"]
[Result "1-0"]
[LiveChessVersion "1.4.3"]
[BlackElo "1973"]
[WhiteElo "2169"]

1. d4 {[%clk 1:30:50]} Nf6 {[%clk 1:30:50]} 2. Nf3 {[%clk 1:31:03]} g6
{[%clk 1:30:45]} 3. Bf4 {[%clk 1:31:16]} Bg7 {[%clk 1:30:56]} 4. e3
{[%clk 1:31:37]} d6 {[%clk 1:31:04]} 5. Be2 {[%clk 1:32:00]} O-O {[%clk 1:31:14]}
6. c4 {[%clk 1:32:21]} Nbd7 {[%clk 1:30:23]} 7. Nc3 {[%clk 1:32:41]} Re8
{[%clk 1:29:02]} 8. h3 {[%clk 1:33:04]} b6 {[%clk 1:26:19]} 9. O-O
{[%clk 1:33:03]} Bb7 {[%clk 1:26:36]} 10. Qc2 {[%clk 1:33:00]} Nh5
{[%clk 1:23:02]} 11. Bg5 {[%clk 1:31:03]} Nhf6 {[%clk 1:17:56]} 12. Rfd1
{[%clk 1:30:47]} c5 {[%clk 1:15:50]} 13. d5 {[%clk 1:30:10]} a6 {[%clk 1:16:02]}
14. e4 {[%clk 1:28:45]} Qc7 {[%clk 1:15:29]} 15. Bf4 {[%clk 1:27:48]} Rf8
{[%clk 1:06:03]} 16. Bh2 {[%clk 1:27:27]} Ne8 {[%clk 1:05:46]} 17. Rf1
{[%clk 1:26:58]} Qd8 {[%clk 1:03:31]} 18. Rae1 {[%clk 1:25:40]} Nc7
{[%clk 1:01:22]} 19. a4 {[%clk 1:24:38]} Ne8 {[%clk 0:53:08]} 20. Nd2
{[%clk 1:24:12]} e6 {[%clk 0:50:52]} 21. f4 {[%clk 1:17:45]} exd5
{[%clk 0:50:02]} 22. cxd5 {[%clk 1:17:15]} Rc8 {[%clk 0:38:17]} 23. Nc4
{[%clk 1:11:56]} Ndf6 {[%clk 0:32:22]} 24. Bf3 {[%clk 1:11:32]} Ba8
{[%clk 0:26:06]} 25. e5 {[%clk 1:07:59]} dxe5 {[%clk 0:23:40]} 26. fxe5
{[%clk 1:08:18]} Nxd5 {[%clk 0:22:58]} 27. Nxd5 {[%clk 1:08:03]} Bxd5
{[%clk 0:23:16]} 28. Rd1 {[%clk 1:08:27]} Bxc4 {[%clk 0:18:22]} 29. Rxd8
{[%clk 1:08:40]} Rxd8 {[%clk 0:18:46]} 30. Qxc4 {[%clk 1:09:06]} Nc7
{[%clk 0:18:44]} 31. Bg4 {[%clk 1:07:32]} h5 {[%clk 0:18:12]} 32. e6
{[%clk 1:07:41]} Nxe6 {[%clk 0:17:44]} 33. Bxe6 {[%clk 1:07:58]} fxe6
{[%clk 0:18:05]} 34. Qxe6+ {[%clk 1:08:22]} Kh7 {[%clk 0:18:29]} 35. Rxf8
{[%clk 1:06:44]} Rxf8 {[%clk 0:17:24]} 36. Be5 {[%clk 1:06:53]} 1-0

[Event "WCO2014"]
[Site "Tromso"]
[Date "2014.08.12"]
[Round "10.27"]
[WhiteID "8101531"]
[White "Alattar Ghayda M."]
[BlackID "10609970"]
[Black "Wafa Shrook"]
[Result "1/2-1/2"]
[LiveChessVersion "1.4.3"]
[BlackElo "2065"]
[WhiteElo "1950"]

1. d4 {[%clk 1:30:57]} Nf6 {[%clk 1:30:53]} 2. Nc3 {[%clk 1:31:21]} e6
{[%clk 1:30:59]} 3. e4 {[%clk 1:29:37]} Bb4 {[%clk 1:31:10]} 4. Bd3
{[%clk 1:29:20]} d6 {[%clk 1:31:04]} 5. e5 {[%clk 1:24:05]} dxe5 {[%clk 1:31:20]}
6. dxe5 {[%clk 1:24:30]} Nd5 {[%clk 1:31:27]} 7. Qg4 {[%clk 1:20:25]} g6
{[%clk 1:27:49]} 8. Bd2 {[%clk 1:18:23]} Nd7 {[%clk 1:21:36]} 9. Nf3
{[%clk 1:17:23]} Nc5 {[%clk 1:21:13]} 10. Be2 {[%clk 1:07:29]} f5
{[%clk 1:13:44]} 11. exf6 {[%clk 0:58:34]} Qxf6 {[%clk 1:13:58]} 12. Qc4
{[%clk 0:57:41]} Bxc3 {[%clk 1:10:50]} 13. bxc3 {[%clk 0:47:11]} b6
{[%clk 1:10:58]} 14. Qd4 {[%clk 0:44:23]} O-O {[%clk 1:08:37]} 15. Bh6
{[%clk 0:42:35]} Re8 {[%clk 1:06:56]} 16. O-O {[%clk 0:38:43]} Bb7
{[%clk 1:05:41]} 17. Qxf6 {[%clk 0:34:02]} Nxf6 {[%clk 1:06:00]} 18. Ne5
{[%clk 0:33:31]} a6 {[%clk 1:03:02]} 19. Rfe1 {[%clk 0:29:11]} Nd5
{[%clk 1:02:00]} 20. c4 {[%clk 0:27:41]} Nb4 {[%clk 1:01:33]} 21. Bd1
{[%clk 0:26:35]} Rad8 {[%clk 0:54:47]} 22. a3 {[%clk 0:24:16]} Nc6
{[%clk 0:55:02]} 23. Nxc6 {[%clk 0:21:01]} Bxc6 {[%clk 0:55:23]} 24. Bf4
{[%clk 0:20:21]} Rd7 {[%clk 0:55:03]} 25. h4 {[%clk 0:18:46]} Rde7
{[%clk 0:52:33]} 26. Be5 {[%clk 0:17:58]} Kf7 {[%clk 0:48:22]} 27. h5
{[%clk 0:16:07]} Rd8 {[%clk 0:44:58]} 28. hxg6+ {[%clk 0:15:53]} hxg6
{[%clk 0:45:15]} 29. Re3 {[%clk 0:15:34]} Rd2 {[%clk 0:43:23]} 30. Rh3
{[%clk 0:13:38]} Be4 {[%clk 0:40:42]} 31. Rh7+ {[%clk 0:12:16]} Ke8
{[%clk 0:41:01]} 32. Rxe7+ {[%clk 0:11:19]} Kxe7 {[%clk 0:41:18]} 33. Bxc7
{[%clk 0:11:15]} Bxc2 {[%clk 0:40:15]} 34. Bxc2 {[%clk 0:11:28]} Rxc2
{[%clk 0:40:37]} 35. Bxb6 {[%clk 0:11:39]} Rxc4 {[%clk 0:40:52]} 36. Bxc5+
{[%clk 0:08:14]} Rxc5 {[%clk 0:41:16]} 37. Kf1 {[%clk 0:08:35]} Rc2
{[%clk 0:41:12]} 38. Rb1 {[%clk 0:06:53]} Rc3 {[%clk 0:40:54]} 39. Ra1
{[%clk 0:06:25]} Kd6 {[%clk 0:41:17]} 40. Ke2 {[%clk 0:06:42]} Kc5
{[%clk 0:41:25]} 41. Kd2 {[%clk 0:06:27]} Kd4 {[%clk 0:37:47]} 42. Re1
{[%clk 0:27:44]} Rxa3 {[%clk 1:08:22]} 43. Rxe6 {[%clk 0:28:09]} g5
{[%clk 1:08:31]} 44. Rg6 {[%clk 0:27:45]} Ra2+ {[%clk 1:08:43]} 45. Kc1
{[%clk 0:27:06]} Ra5 {[%clk 1:09:00]} 46. Kd2 {[%clk 0:26:35]} Ke4
{[%clk 1:08:57]} 47. Kc3 {[%clk 0:23:45]} Kf5 {[%clk 1:06:20]} 48. Rb6
{[%clk 0:21:18]} Ra2 {[%clk 1:05:07]} 49. Rb8 {[%clk 0:21:17]} Kg4
{[%clk 1:03:53]} 50. Rf8 {[%clk 0:19:29]} Ra5 {[%clk 1:03:32]} 51. Rf6
{[%clk 0:15:05]} Rf5 {[%clk 1:03:15]} 52. f3+ {[%clk 0:15:19]} Kf4
{[%clk 1:03:21]} 53. Rxa6 {[%clk 0:15:21]} Ke3 {[%clk 1:03:27]} 54. Ra2
{[%clk 0:15:12]} Rc5+ {[%clk 1:03:46]} 55. Kb4 {[%clk 0:15:32]} Rc8
{[%clk 1:03:45]} 56. Ra5 {[%clk 0:15:40]} Rg8 {[%clk 1:03:27]} 57. Kc4
{[%clk 0:15:22]} Kf2 {[%clk 1:03:38]} 58. Ra2+ {[%clk 0:15:37]} Kg3
{[%clk 1:04:02]} 59. Kd3 {[%clk 0:15:26]} Rh8 {[%clk 1:03:57]} 60. Ke4
{[%clk 0:14:52]} Rh2 {[%clk 1:03:12]} 61. Kf5 {[%clk 0:14:48]} Rxg2
{[%clk 1:03:17]} 62. Rxg2+ {[%clk 0:15:10]} Kxg2 {[%clk 1:03:43]} 63. Kxg5
{[%clk 0:15:37]} Kxf3 {[%clk 1:04:08]} 1/2-1/2

[Event "WCO2014"]
[Site "Tromso"]
[Date "2014.08.12"]
[Round "10.26"]
[WhiteID "10615873"]
[White "Moaataz Ayah"]
[BlackID "8102937"]
[Black "Boshra Alshaeby"]
[Result "1-0"]
[LiveChessVersion "1.4.3"]
[BlackElo "1947"]
[WhiteElo "1954"]

1. c4 {[%clk 1:30:58]} g6 {[%clk 1:30:53]} 2. g3 {[%clk 1:31:23]} Bg7
{[%clk 1:31:20]} 3. Bg2 {[%clk 1:31:48]} Nf6 {[%clk 1:31:47]} 4. Nc3
{[%clk 1:32:11]} O-O {[%clk 1:32:10]} 5. d4 {[%clk 1:32:17]} c5 {[%clk 1:31:26]}
6. Nf3 {[%clk 1:32:24]} cxd4 {[%clk 1:26:10]} 7. Nxd4 {[%clk 1:32:45]} Nc6
{[%clk 1:26:35]} 8. O-O {[%clk 1:27:57]} Qa5 {[%clk 1:22:10]} 9. Nc2
{[%clk 1:22:23]} d6 {[%clk 1:20:55]} 10. Rb1 {[%clk 1:20:35]} Qh5
{[%clk 1:20:29]} 11. e4 {[%clk 1:20:41]} Bg4 {[%clk 1:17:09]} 12. f3
{[%clk 1:20:36]} Bh3 {[%clk 1:10:50]} 13. Ne3 {[%clk 1:14:15]} Bxg2
{[%clk 1:07:57]} 14. Kxg2 {[%clk 1:14:40]} Rfd8 {[%clk 0:58:17]} 15. b3
{[%clk 1:03:28]} Rac8 {[%clk 0:51:48]} 16. Qe1 {[%clk 0:53:05]} Qa5
{[%clk 0:36:14]} 17. Bd2 {[%clk 0:53:17]} Qc7 {[%clk 0:35:12]} 18. Ned5
{[%clk 0:49:42]} Qd7 {[%clk 0:32:30]} 19. Nxf6+ {[%clk 0:46:55]} Bxf6
{[%clk 0:32:53]} 20. Nd5 {[%clk 0:47:17]} Bg7 {[%clk 0:31:36]} 21. Qf2
{[%clk 0:43:57]} f5 {[%clk 0:24:45]} 22. exf5 {[%clk 0:37:16]} Qxf5
{[%clk 0:25:06]} 23. Rbe1 {[%clk 0:30:38]} e6 {[%clk 0:23:14]} 24. Nf4
{[%clk 0:30:15]} Bd4 {[%clk 0:17:57]} 25. Be3 {[%clk 0:28:34]} e5
{[%clk 0:15:50]} 26. Nd5 {[%clk 0:27:52]} Rd7 {[%clk 0:14:46]} 27. Bxd4
{[%clk 0:27:12]} Nxd4 {[%clk 0:14:24]} 28. f4 {[%clk 0:25:50]} Rf7
{[%clk 0:06:28]} 29. fxe5 {[%clk 0:16:27]} Qxf2+ {[%clk 0:06:07]} 30. Rxf2
{[%clk 0:16:53]} Rxf2+ {[%clk 0:06:28]} 31. Kxf2 {[%clk 0:17:14]} Rf8+
{[%clk 0:06:56]} 32. Kg2 {[%clk 0:16:11]} Nf3 {[%clk 0:06:00]} 33. Rf1
{[%clk 0:16:34]} Nxe5 {[%clk 0:06:04]} 34. Ne7+ {[%clk 0:16:58]} Kg7
{[%clk 0:06:14]} 35. Rxf8 {[%clk 0:17:17]} Kxf8 {[%clk 0:06:37]} 36. Nc8
{[%clk 0:17:45]} Nd3 {[%clk 0:01:57]} 37. Nxd6 {[%clk 0:18:00]} Nc1
{[%clk 0:01:56]} 38. Nxb7 {[%clk 0:18:05]} Nxa2 {[%clk 0:02:20]} 39. Kf3
{[%clk 0:17:45]} Nc1 {[%clk 0:02:17]} 40. Na5 {[%clk 0:17:18]} Kf7
{[%clk 0:02:24]} 41. b4 {[%clk 0:17:11]} Ke6 {[%clk 0:01:51]} 42. Nc6
{[%clk 0:13:33]} a6 {[%clk 0:29:13]} 43. Ke4 {[%clk 0:40:48]} Na2
{[%clk 0:26:28]} 44. c5 {[%clk 0:40:32]} Nc3+ {[%clk 0:25:19]} 45. Kd4
{[%clk 0:40:29]} Ne2+ {[%clk 0:25:05]} 46. Kc4 {[%clk 0:40:50]} Ng1
{[%clk 0:24:20]} 47. Nb8 {[%clk 0:40:34]} Nf3 {[%clk 0:24:41]} 48. Nxa6
{[%clk 0:39:59]} Nxh2 {[%clk 0:25:06]} 49. b5 {[%clk 0:39:25]} Ng4
{[%clk 0:23:34]} 50. b6 Ne5+ 51. Kb5 Nf3 52. b7 Nd4+ 53. Kb6 1-0

[Event "WCO2014"]
[Site "Tromso"]
[Date "2014.08.12"]
[Round "10.25"]
[WhiteID "8102953"]
[White "Razan Alshaeby"]
[BlackID "10610529"]
[Black "Abdelmenaem Sohayla"]
[Result "0-1"]
[LiveChessVersion "1.4.3"]
[BlackElo "1782"]
[WhiteElo "1804"]

1. c4 {[%clk 1:30:57]} e5 {[%clk 1:30:55]} 2. Nc3 {[%clk 1:31:20]} Nf6
{[%clk 1:31:18]} 3. g3 {[%clk 1:31:37]} d5 {[%clk 1:31:42]} 4. cxd5
{[%clk 1:31:58]} Nxd5 {[%clk 1:32:02]} 5. Bg2 {[%clk 1:31:25]} Nb6
{[%clk 1:32:23]} 6. Nf3 {[%clk 1:31:26]} Nc6 {[%clk 1:32:42]} 7. O-O
{[%clk 1:31:49]} Be7 {[%clk 1:33:02]} 8. b3 {[%clk 1:30:33]} O-O {[%clk 1:32:49]}
9. Bb2 {[%clk 1:30:58]} Be6 {[%clk 1:32:18]} 10. Rc1 {[%clk 1:29:03]} f5
{[%clk 1:27:21]} 11. d3 {[%clk 1:23:53]} Bf6 {[%clk 1:26:49]} 12. Qd2
{[%clk 1:14:12]} e4 {[%clk 1:13:37]} 13. dxe4 {[%clk 1:09:53]} fxe4
{[%clk 1:13:43]} 14. Nxe4 {[%clk 1:09:05]} Bxb2 {[%clk 1:04:49]} 15. Qxb2
{[%clk 1:08:37]} Bd5 {[%clk 1:01:33]} 16. Nc5 {[%clk 1:00:52]} Qc8
{[%clk 0:57:31]} 17. e4 {[%clk 0:56:57]} Be6 {[%clk 0:52:33]} 18. Ng5
{[%clk 0:51:55]} Bd7 {[%clk 0:49:28]} 19. b4 {[%clk 0:41:11]} h6 {[%clk 0:47:33]}
20. Nxd7 {[%clk 0:32:25]} Nxd7 {[%clk 0:46:24]} 21. Ne6 {[%clk 0:23:37]} Rf6
{[%clk 0:46:15]} 22. Bh3 {[%clk 0:19:16]} Nde5 {[%clk 0:43:07]} 23. Nf4
{[%clk 0:17:01]} Qe8 {[%clk 0:39:47]} 24. Bg2 {[%clk 0:13:12]} Rf7
{[%clk 0:35:30]} 25. Rfd1 {[%clk 0:11:54]} Rd8 {[%clk 0:32:13]} 26. b5
{[%clk 0:10:13]} Rxd1+ {[%clk 0:28:40]} 27. Rxd1 {[%clk 0:10:39]} Nc4
{[%clk 0:28:55]} 28. Qc3 {[%clk 0:07:57]} N6e5 {[%clk 0:27:50]} 29. a4
{[%clk 0:05:44]} Rd7 {[%clk 0:24:33]} 30. Rd5 {[%clk 0:01:24]} c6
{[%clk 0:24:09]} 31. bxc6 {[%clk 0:01:35]} bxc6 {[%clk 0:24:36]} 32. Rxd7
{[%clk 0:01:39]} Qxd7 {[%clk 0:25:02]} 33. Qb3 {[%clk 0:01:41]} Qd2
{[%clk 0:24:15]} 34. Qb8+ {[%clk 0:01:57]} Kh7 {[%clk 0:24:18]} 35. Qxa7
{[%clk 0:00:58]} Qd1+ {[%clk 0:23:13]} 36. Bf1 {[%clk 0:01:20]} Nd2
{[%clk 0:23:02]} 37. Qa6 {[%clk 0:00:54]} Nec4 {[%clk 0:23:14]} 0-1